000 00596cam a2200205 4500
001 sa 68015376
003 DLC
005 20260227112643.0
008 700331s1968 io 000 0 eng
010 _asa 68015376
025 _aPL480:Indo-7952
040 _aDLC
_cDLC
_dDLC
050 0 0 _aHD9016.I42
_bS57
082 0 0 _a338.1/9/91
100 0 _aSoeharto,
_d1921-2008.
245 0 0 _aAddress to participants of the "Workshop on Food" in Indonesia on 27th May 1968 at Djakarta.
260 _a[Djakarta,
_bPrinted by PDIN,
_c1968]
300 _a6 p.
_c25 cm.
650 0 _aFood supply
_zIndonesia.
999 _c86408
_d86408